ARRUPE JESUIT UNIVERSITY

CORONAVIRUS -STOP THE SPREAD - CLEAN,DISINFECT,COVER

J. G. Herder on social and political culture; (Record no. 125871)

MARC details
000 -LEADER
fixed length control field 01066cam a2200325 4500
001 - CONTROL NUMBER
control field 4543604
003 - CONTROL NUMBER IDENTIFIER
control field ARRUPE
005 - DATE AND TIME OF LATEST TRANSACTION
control field 20161207081422.0
008 - FIXED-LENGTH DATA ELEMENTS--GENERAL INFORMATION
fixed length control field 690717s1969 enk b 001 0 eng
010 ## - LIBRARY OF CONGRESS CONTROL NUMBER
LC control number 69011022
015 ## - NATIONAL BIBLIOGRAPHY NUMBER
National bibliography number B69-10307
020 ## - INTERNATIONAL STANDARD BOOK NUMBER
International Standard Book Number 0521073367
040 ## - CATALOGING SOURCE
Original cataloging agency DLC
Transcribing agency DLC
Modifying agency DLC
041 1# - LANGUAGE CODE
Language code of text/sound track or separate title engger
050 00 - LIBRARY OF CONGRESS CALL NUMBER
Classification number D16.7
Item number .H45 1969
082 00 - DEWEY DECIMAL CLASSIFICATION NUMBER
Classification number 901
300 ## - PHYSICAL DESCRIPTION
Dimensions 23 cm.
100 1# - MAIN ENTRY--PERSONAL NAME
Personal name Herder, Johann Gottfried,
Dates associated with a name 1744-1803.
9 (RLIN) 18769
245 10 - TITLE STATEMENT
Title J. G. Herder on social and political culture;
Statement of responsibility, etc translated, edited and with an introduction by F. M. Barnard.
260 ## - PUBLICATION, DISTRIBUTION, ETC. (IMPRINT)
Place of publication, distribution, etc London,
Name of publisher, distributor, etc Cambridge U.P.,
Date of publication, distribution, etc 1969.
300 ## - PHYSICAL DESCRIPTION
Extent xii, 329 p.
350 ## - PRICE (NR) (BK AM CF MU VM SE) [OBSOLETE]
Price 70/-
-- ($11.50)
490 0# - SERIES STATEMENT
Series statement Cambridge studies in the history and theory of politics
504 ## - BIBLIOGRAPHY, ETC. NOTE
Bibliography, etc Bibliography: p. xii.
650 #0 - SUBJECT ADDED ENTRY--TOPICAL TERM
Topical term or geographic name as entry element History
General subdivision Philosophy.
9 (RLIN) 27929
650 #0 - SUBJECT ADDED ENTRY--TOPICAL TERM
Topical term or geographic name as entry element Language and languages
General subdivision Origin.
9 (RLIN) 14516
650 #0 - SUBJECT ADDED ENTRY--TOPICAL TERM
Topical term or geographic name as entry element Political culture.
9 (RLIN) 18975
700 1# - ADDED ENTRY--PERSONAL NAME
Personal name Barnard, F. M.
Fuller form of name (Frederick M.),
Relator term ed.
9 (RLIN) 27930
906 ## - LOCAL DATA ELEMENT F, LDF (RLIN)
a 7
b cbc
c orignew
d u
e ncip
f 19
g y-gencatlg
942 ## - ADDED ENTRY ELEMENTS (KOHA)
Source of classification or shelving scheme Library of Congress Classification
Koha item type Monograph ( Printed materials)
Holdings
Withdrawn status Lost status Source of classification or shelving scheme Damaged status Not for loan Collection code Home library Current library Shelving location Date acquired Total Checkouts Full call number Barcode Date last seen Price effective from Koha item type
    Library of Congress Classification     Main Collection ARRUPE LIBRARY ARRUPE LIBRARY Main Collection 06/12/2016   D16.7 .H45 1969 46500020866 06/12/2016 06/12/2016 Monograph ( Printed materials)

 

Arrupe Library. PO Box MP320 Mt Pleasant, Harare, Zimbabwe
263 242 745411|librarian@aju.ac.zw